00631pab a2200169 454500008004000000100002000040245014000060260000900200300001300209362001200222650002800234650002000262773004800282909001000330999001700340952010400357180718b2001 xxu||||| |||| 00| 0 eng d aRao, D. Tripati aEconomic reforms anatomy of behavioural agents and macroeconomic outcomes: a critical review of the performance of the Ibndian economy c2001 ap.401-27 aJul-Sep aEconomic reform - India aEconomic reform aJourna of Indian School of Poitical Economy a51582 c51582d51582 00104070aIIPAbIIPAd2018-07-19hVolume no: 13, Issue no: 3pAR52010r2018-07-19w2018-07-19yAR